A B C olvasókönyv az alapiskolák első osztálya számára

Bibliographic Details
Main Authors: Bertalan, Ferenc (Author), Csoma, Vilmos (Author), Kovács, Dezsőné (Author), Makoldi, Mihályné (Author), Perjés, Antalné (Author)
Other Authors: Rogánné Szabó, Ágnes (Bookjacket designer, Illustrator), Rogán, Miklós (Bookjacket designer, Illustrator)
Format: Book
Language:Hungarian
PhysicalDescription:176 s., 15,60 AH Ilustr. 25 cm
Published: Bratislava Slovenské pedagogické nakladateľstvo 1977
Edition:5. vyd.
Subjects:

MARC

LEADER 00000nam a2200000 a 4500
001 vtls001104072
003 SK-MaSNL
005 20260301051734.0
008 250414s1977 xo a 0 000 hun
035 |a SNK000046914 
040 |a SNK  |b slo  |c SNK  |e AACR2 
041 |a hun 
044 |a xo  |a hu  |c SK  |c HU 
080 |a 372.41(075.2)=945.11  |2 1981 
245 0 0 |a A B C olvasókönyv az alapiskolák első osztálya számára  |c Ferenc Bertalan, Vilmos Csoma, Dezsőné Kovács, Mihályné Makoldi, Antalné Perjés, Ágnes Szabó Rogánné, Miklós Rogán 
246 3 1 |a Šlabikár pre 1. ročník ZDŠ maďarských 
250 |a 5. vyd. 
260 |a Bratislava  |b Slovenské pedagogické nakladateľstvo  |c 1977  |e Martin,  |f Tlačiarne SNP 
300 |a 176 s., 15,60 AH  |b Ilustr.  |c 25 cm 
366 |e 14900 výtl. 
500 |a Predsádky. Spoluvyd. Tankönyvkiadó, Budapest. 
650 0 7 |a maďarčina  |2 SNKPH  |9 1492 
655 7 |a čítanky  |2 SNKPH  |9 60817 
655 7 |a učebnice základných škôl  |2 SNKPH  |9 70187 
700 1 |a Bertalan, Ferenc  |4 aut  |9 349162 
700 1 |a Csoma, Vilmos  |4 aut  |9 359453 
700 1 |a Kovács, Dezsőné  |4 aut  |9 359454 
700 1 |a Makoldi, Mihályné  |4 aut  |9 359455 
700 1 |a Perjés, Antalné  |4 aut  |9 359456 
700 1 |a Rogánné Szabó, Ágnes  |4 bjd  |4 ill  |9 349163 
700 1 |a Rogán, Miklós  |4 bjd  |4 ill  |9 349164 
852 |a Slovenská národná knižnica 
954 |a čítanky  |a šlabikáre 
958 |a OND 
958 |a UX 
958 |a TL 
999 |c 604124  |d 606054 
952 |a SNK  |b SNK  |y VYP  |7 0  |p 17A1076059  |o snkSC 40560 D1  |i snkKSP 2124/77  |0 0  |1 0  |4 0  |d 2014-08-14  |l 0  |r 2026-02-23 16:04:12  |w 2026-02-23